14ème arrondissement Plus plus - Statistiques

Statistiques générales
  • Ce quiz a été pris 15 fois
    4 depuis la dernière actualisation
  • Le résultat moyen est 5 sur 86
Statistiques - réponses
Hint Réponse % Correct
Saint Joseph
75%
océan mais aussi nom d'un jardin surplombant des moyens de locomotions permettant de s'y rendre (gare) atlantique
50%
anciennes communes ou parties de communes rattachées au 14 actuel montrouge
50%
vanves
50%
Cochin
25%
Gentilly
25%
Petit
25%
Résistant ayant uni et dirigé le réseaux sous terre Rol Tanguy
25%
Hôpitaux du 14 Sainte Anne
25%
Saint Vincent de Paul
25%
Femme politique de grande importance et son mari ont vécu rue Dareau au n°53 (panthéonisée dernièrement). Simone et Antoine Veil
25%
Enfant de deux illustres de la musique française, dont l'une parlait des garçons et des filles de son âge quand l'autre alpaguait des cactus, ils vivaient tout les trois proche de la rue Hallée. thomas dutronc
25%
Vaugirard
25%
Alberto Magnelli
0%
Artiste Peintre Américain ayant eu son atelier rue Daguerre puis rue Cels. Alexander Calder
0%
Peintre italien et Français ayant vécu au n°16 aussi Amedeo Modigliani
0%
Anais Nin
0%
Antonin Artaud
0%
Asseline
0%
Assouad
0%
Bachelet
0%
Bizot
0%
Blaise Cendrars
0%
l'affaire du collier est le titre d'un des tomes de la BD se situant au Parc Montsouris et plus généralement dans le 14ème arrondissement. Blake et Mortimer
0%
Boullée
0%
Broussais
0%
Brunot
0%
Castagnou
0%
Chaim Souline
0%
Cherki
0%
Cherouvrier
0%
cinéaste ayant vécu jusqu'à sa mort rue Boulard (grand documentariste de la tragédie du siècle). Claude Lanzmann
0%
Les choses de la vie, Vincent, François, Paul ... et les autres ... Grand réalisateur décédé dans cet arrondissement. claude sautet
0%
Daumy
0%
Ventura se balade dans le 13ème, la Butte aux cailles sur une musique du refrété mais génial François De Roubaix, il vient aussi au Parc Montsouris, la musique de mon film inspira I will Survive mais aussi Robin Williams dernier Domicile Connu
0%
Divry
0%
douzième
0%
Ducoudray
0%
du paty de Clam
0%
trois protagonistes de l'affaire Dreyfus se rencontrent secrètement au parc montsouris, pour assurer la protection du vrai coupable en 1897 Estherhazy
0%
Lors d'un voyage organisé par André Breton, j'ai habité rue Hallé, (peintre mexicaine) Frida Kahlo
0%
Artistes ayant vécu dans une des maisons ou immeubles de la Villa Seurat Henry Miller
0%
rue où vécurent, à différents numéros : Jean Moulin, les Manouchian et encore Levy Strauss Rue des Plantes
0%
dans cette rue, le Petit Moulin de Montsouris avait jusqu'en 1809, son activité Rue Sarrette
0%
j'ai vécu au N°25 de la Rue d'alésia, je dis bonjour à certain de mes sentiments les moins joyeux Françoise Sagan
0%
écrivain Breton ayant vécu avenue rené coty (son fils est aussi écriviain) Henri Queffelec
0%
Institut Mutualiste de Montsouris
0%
Jacques
0%
chanteur ayant évoqué le Parc Montsouris, il est décédé au XXIème siècle et a eu comme enfant Izia, Arthur H notamment. Jacques Higelin
0%
Je suis un poète et auteur ayant fait apparaître le parc Monstsouris 2 fois dans mes œuvres (quand il va au marché, il fait des listes). Jacques Prévert
0%
Jean Lurcat
0%
chanteur et guitariste américain apparaissant dans une vidéo filmée rue Daguerre par les membres de son groupe Mitch Mitchell et Noel Redding (membres des 27) Jimi Hendrix
0%
Rivière traversant l'arrondissement (ainsi que gentilly) la bièvre
0%
La Rochefoucauld
0%
Lazies
0%
Leneveux
0%
Léopold Bellan
0%
Macqret
0%
Madame Bertrand
0%
Peintre ayant peint "Effet de neige à Petit-Montrouge (n'est pas Monet qui veut) Manet
0%
Nom du capitaine de vaisseau membre du Bureau des longitudes qui fit approuver son projet d'observatoire chargé de compléter les connaissances astronomiques des officiers issus de la Navale, un observatoire est dirigé par des officiers puis après un abandon est occupé par l'Association française d'astronomie. L'observatoire en question est au parc montsouris, Le nom du capitaine a été donné à une rue proche du Parc Mouchez
0%
Dans quel attentat j'ai été impliqué, je suis tué rue d'Alésia en décembre 1972 Munich 1972
0%
Notre Dame de Bon Secours
0%
anciens arrondissements parisiens composant en partie le 14ème actuel onzième
0%
Orloff
0%
nom d'un palais, conçu en 1867 pour l'exposition universelle sensée représenter la Tunisie, déplacé au Parc il eut une histoire rocambolesque et finit entièrement brulé en 1991, il apparaît dans le film Cléo de 5 à 7 d'Agnès Varda Palais du Bardo
0%
Peintre ayant loué un atelier au 16 rue du Saint Gothard (les marquises). Paul Gauguin
0%
restaurant du sud parisien ayant servi Lénine, Trotsky, Beauvois, Jouvet, carné... pavillon Montsouris
0%
mon impressario vivait rue Gassendi je m'y rendait souvent, l'on me prenait pour une enfant malgré ma voix dite exceptionnelle Piaf
0%
Je suis une chauve souris du parc montsouris Pipistrelle
0%
Porte entre la Porte de Gentilly et la Porte d'Orléans Porte d'arcueil
0%
Il avait le diable au corps, famille havraise, écrivain décédé prématurément. (écrivain à un roman, début du XXème siècle). Raymond Radiguet
0%
Je suis un écrivain collaborateur puis fusillé à la libération, j'ai écrit "Le marchand d'oiseaux" centré autour du Parc Montsouris. Robert Brasillach.
0%
rue où un Auteurs français nobélisés y situe l'adresse des héros narrateurs de deux de ses romans, l'horizons et l'herbe des nuits. Rue de l'Aude
0%
Le peintre Louis Charlot, originaire de Cussy en Morvan a vécu dans cette rue Rue des artistes
0%
Rue où a vécu Lénine Rue Marie Rose
0%
Rue où est domicilié le personnage principal du livre "Une vie comme neuve" de Georges Simenon (il ne s'agit pas d'un courant littéraire du XIXème siècle ne se couchant pas si tôt). Saint Gothard
0%
Saint Patron des avocats, il donne son nom à une rue, qui est aussi un segment strava Saint Yves
0%
Square au nom rappelant la figure d'un haut dignitaire de l'armée française venant des terres du nord de la France et décédé dans un accident d'hélicoptère. Square du Serment de Koufra
0%
Thiriet
0%
quel véhicule est impliqué dans un accident au 155 de la rue D'alésia en 1917 un avion
0%
écrivain et dessinateur né dans une rue jouxtant l'avenue rené coty dont le nom n'est autre que celui de son père ancien propriétaire des lieux. Personnalité des éditions de minuit Vercors
0%
Nom d'un ancien village autour de la place Michel Audiard Village d'Orleans
0%
Rugbyman né dans l'arrondissement ayant une émission radio sur une chaine d'un groupe marseillais spécialisé dans le trafic maritime. Vincent Moscato
0%
Von Schwartzkoppen
0%
écrivain ayant vécu rue Daguerre avec sa mère (c'est ni un curé ni assommant). Zola
0%
Aucun quiz correspondant
Distribution des résultats
% des personnes avec chaque résultat
Percentile par nombre de réponses
Votre historique - résultats
Vous n’avez pas pris ce quiz depuis la dernière actualisation